PRINCIPLES OF MANAGERIAL FINANCE (Record no. 5721)

MARC details
000 -LEADER
fixed length control field 00413nam a22001697a 4500
005 - DATE AND TIME OF LATEST TRANSACTION
control field 20180707154627.0
008 - FIXED-LENGTH DATA ELEMENTS--GENERAL INFORMATION
fixed length control field 180707b xxu||||| |||| 00| 0 eng d
020 ## - INTERNATIONAL STANDARD BOOK NUMBER
ISBN 81-297-0275-4
041 ## - LANGUAGE CODE
Language code of text/sound track or separate title eng
082 ## - DEWEY DECIMAL CLASSIFICATION NUMBER
Classification number 658.15
100 ## - MAIN ENTRY--AUTHOR NAME
Personal name GITMAN, LAWRENCE J.
245 ## - TITLE STATEMENT
Title PRINCIPLES OF MANAGERIAL FINANCE
250 ## - EDITION STATEMENT
Edition statement 10Ed.
260 ## - PUBLICATION, DISTRIBUTION, ETC. (IMPRINT)
Place of publication new delhi
Name of publisher pearson education
Year of publication 2003
300 ## - PHYSICAL DESCRIPTION
Number of Pages 794p,
942 ## - ADDED ENTRY ELEMENTS (KOHA)
Koha item type Books
Holdings
Lost status Damaged status Collection code Home library Current library Shelving location Date acquired Source of acquisition Full call number Accession Number Koha item type
    MANAGEMENT JRU Library JRU Library SHELF-60-M 15/05/2024 DONATED 658.15 1590 Books
    MANAGEMENT JRU Library JRU Library SHELF-60-M 15/05/2024 DONATED 658.15 1591 Books
    MANAGEMENT JRU Library JRU Library SHELF-60-M 15/05/2024 DONATED 658.15 1592 Books
    MANAGEMENT JRU Library JRU Library SHELF-60-M 15/05/2024 DONATED 658.15 1593 Books
    MANAGEMENT JRU Library JRU Library SHELF-60-M 15/05/2024 DONATED 658.15 1594 Books
    MANAGEMENT JRU Library JRU Library SHELF-60-M 15/05/2024 DONATED 658.15 1595 Books
    MANAGEMENT JRU Library JRU Library SHELF-60-M 15/05/2024 DONATED 658.15 1596 Books
    MANAGEMENT JRU Library JRU Library SHELF-60-M 15/05/2024 DONATED 658.15 1597 Books
    MANAGEMENT JRU Library JRU Library SHELF-60-M 15/05/2024 DONATED 658.15 1598 Books